000 006330000a22002050004500
003 LK-CoMWRAF
005 20231109122647.0
008 230817t2000 ||||| |||| 00| 0 eng d
020 _a8170369614
040 _aLK-CoMWRAF
_dLK-CoMWRAF
_eLK-CoMWRAF
041 _aeng
082 _a333.9
_bWAT
245 _aWater for Food and Rural Development:
_bApproaches and Initiatives in South Asia
260 _aNew Delhi:
_bSage,
_c2000
300 _a377 p. : maps ; 23 cm.
_bIndex included
650 _aWATRER RESOURCES DEVELOPMENT-SOUTH ASIA
650 _aRURAL DEVELOPMENT-SOUTH ASIA
700 _aMollinga,, Peter P.
_eed.
942 _cBK
999 _c746
_d746